000
00275nam a22001217a 4500
008
180220b xxu||||| |||| 00| 0 eng d
041
_a
eng
080
_a
821
100
_a
21
101
_a
GJL
245
_a
The Young Folks Shelf of Books
_c
Martignoni, M.E
942
_2
udc
_c
BK
999
_c
42911
_d
42911